000 00898nam a2200265 a 4500
001 BRL_486
005 20190320210750.0
008 200813s1961----gw-abo####---#000-0#ger-#
041 _ager
044 _agw
050 4 _aN5305
_b.K86 3 1961
100 1 _aBühler, Alfred
_924070
245 1 0 _aOzeanien und Australien
_bDie kunst der Südsee
_cVon Alfred Bühler, Terry Barrow, Charles P. Mountford
260 _aGermany
_bHolle-Verlag Baden-Baden
_c1961
300 _a264 p.
_bil. (algunas a color)
_c23 cm.
440 0 _aKunst der Welt; ihre geschichtlichen, soziologischen und religiösen Grundlagen
_pDie aussereuropäischen Kulturen
_v3
_924071
500 _aAu514
650 1 4 _aArte
_zOceanía
_924072
650 1 4 _aArte
_zAustralia
_924073
650 1 4 _aArte primitivo
_97001
700 1 _aBarrow, Terry
_924074
700 1 _aP. Mountford, Charles
_924075
902 _aGRL
942 _2lcc
_cB
999 _c9298
_d9298